000 00720nam a22001817a 4500
003 OSt
005 20251212010548.0
008 251212b |||||||| |||| 00| 0 eng d
020 _a978-0-689-85939-7
040 _aDWCL - Main Lib
_cOC
082 _aFic. D615s 2004
100 _aDiterlizzi, Tony and Holly, Black
245 _aThe spiderwick chronicles 4 :
_bthe ironwood tree /
_cTony Diterlizzi and Black Holly
260 _aNew York:
_bSimon and Schuster books for young readers,
_cc2004.
300 _a111 p.:
_bill.;
_c18 cm.
520 _bAfter Mallory is kidnapped at her fencing meet, Jared and Simon search for her near an old quarry and find themselves amidst dwarves and goblins.
942 _2ddc
_cFIC.
_mFic.
_n0
999 _c7054
_d7054